000 01265njm a2200325Ia 4500
001 A3728
003 IT-RoPAU
005 20220918181147.0
008 131025s9999 xx 000 0 und d
040 _aIT-RoPAU
040 _cIT-RoPAU
041 _aITALIANO
999 _c101769
_d101769
999 _bn.d.
100 _aLafonte Bernardo
_923349
100 _eAutore musica
_928082
100 _gCodice autore musica SPICS: 13067
_923351
245 _aVangelo giovane
250 _a1a ed.
260 _aROMA
260 _bEP - MUSICALI E DISCOGRAFICHE
_c1991 [1a Ed.:1991 - Ed. Lingua Orig.: 1991]
300 _aMUSICASSETTA
300 _c35 minuti (Testo: 0 pag.)
500 _aMusica religiosa. Canti per la catechesi.
505 _aQuesta è la strada - Dove corri, uomo? - Il giovane ricco - Il regno dei cieli - Figli dell'amore - Preludio - O mio Signore - Se il tuo cuore è povero - Sangue e amore - Come è bello
650 _aCATECHESI [CASSETTE]
_eCodice MATERIA SPICS: 9951
_928083
700 _aLafonte Bernardo
_eAutore
_gCodice autore SPICS: 13067
_928084
700 _aLotà Francesca
_eAutore testo e musica
_gCodice autore testo/musica SPICS: 22348
_928085
700 _aLotà Francesca
_gCodice interprete SPICS: 22348
_eInterprete
_928086
942 _cMC
_2ddc